01619nam a2200445 i 450000100060000000300080000600500170001400600190003100700150005000800410006502000180010602000270012403500230015103500240017403500250019803500210022304000310024405000240027508000170029908200150031610000370033124501190036826400550048730000410054233600310058333700330061433800430064749000250069050000230071550400430073858801290078165000240091065000330093465000240096765000330099165500270102470000340105183000260108585600620111131221FlNmELB20241216220635.0m o d | cr cnu||||||||160919s2015 sp ob 001 0 spa d z9788436834123 a9788436834185 (e-book) a(MiAaPQ)EBC4569970 a(Au-PeEL)EBL4569970 a(CaPaEBR)ebr11231135 a(OCoLC)984783037 aFINmELBbspaerdacFINmELB 4aHF5415.2bL925 2015 a338.48:658.80 a658.832231 aLópez Bonilla, Jesús Manuel.10aManual de investigación de mercados turísticos /cJesús Manuel López Bonilla, Luis Miguel López Bonilla. 1aMadrid :bLarousse - Ediciones Pirámide,c[2015] a1 recurso en línea (206 páginas) atextobtxt2rdacontent/spa acomputadorabc2rdamedia/spa arecurso en líneabcr2rdacarrier/spa1 aEconomía y empresa aContiene índice. aContiene referencias bibliográficas. aDescripción basada en recurso en línea; Título de la página del título en PDF (e-libro, visto September 19, 2016). 0aMarketing research. 4aInvestigación de mercados. 0aTourismxMarketing. 4aTurismoxComercialización. 4aLibros electrónicos.1 aLópez Bonilla, Luis Miguel. 0aEconomía y empresa.40uhttps://elibro.net/ereader/politecnicointernacional/49129